000
00226nam a2200097Ia 4500
005
20251222114344.0
008
251222s1900||||xx |||||||||||||| ||spa||
082
_a
DVD0060/K46/1994
245
0
_a
Con honores:Whit Honors
942
_c
DVD
999
_c
965
_d
965